[Event "Irish Championship 1999"]
[Site "Drogheda IRL"]
[Date "1999.04.03"]
[Round "1"]
[White "Brady, Stephen"]
[Black "O'Connor, Jonathan"]
[Result "0-1"]
[WhiteTitle "FM"]
[WhiteElo "2320"]
[BlackElo "2120"]
[WhiteICU "2263"]
[BlackICU "2162"]
[WhiteClub "Public Service"]
[BlackClub "Dublin"]
[WhiteNationality "IRL"]
[BlackNationality "IRL"]
[WhiteFideId "2500124"]
[BlackFideId "2501112"]
[PlyCount "162"]
[EventDate "1999.04.03"]

{ Reference: <a
href="https://www.irlchess.com/irlch1999_allfiles/pairings_irlch1999.html">Tournament
report</a>. }

1. d4 Nf6 2. Nf3 g6 3. Bg5 Bg7 4. Nbd2 c5 5. c3 Qb6 6. Nc4 Qc7 7. e3 O-O 8.
Rc1 b6 9. Bd3 Ba6 10. O-O Nc6 11. Bf4 Qb7 12. dxc5 bxc5 13. Qa4 Bxc4 14.
Bxc4 d6 15. Bb5 Nd8 16. Nd2 Nd5 17. Bg5 Rb8 18. Ba6 Qc6 19. Qxc6 Nxc6 20.
Bc4 Nb6 21. Bb5 Rfc8 22. e4 Kf8 23. b3 Nd7 24. Ba6 Rc7 25. f4 Rb6 26. Be2
a5 27. Nc4 Rb8 28. Ne3 Nf6 29. Nd5 Nxd5 30. exd5 Na7 31. f5 Be5 32. Bc4 Nc8
33. Bd3 Kg7 34. fxg6 hxg6 35. Ba6 Nb6 36. c4 Ra7 37. Bb5 Nxd5 38. cxd5 Rxb5
39. Rc4 a4 40. Rxa4 Rxa4 41. bxa4 Ra5 42. Bxe7 Rxa4 43. Rd1 Rxa2 44. g3 f6
45. Bd8 Kh6 46. h3 Kg5 47. Rf1 Rd2 48. Bxf6+ Bxf6 49. h4+ Kh5 50. Rxf6 Rxd5
51. Kg2 c4 52. Rf7 Kh6 53. g4 Rd3 54. Kf2 Rh3 55. Rc7 c3 56. Rc6 c2 57. Kg2
Rxh4 58. Rxc2 Rxg4+ 59. Kf3 Rg5 60. Rc7 Rd5 61. Rc1 Kg5 62. Ke4 Rc5 63. Rd1
Re5+ 64. Kd4 Kf5 65. Rf1+ Ke6 66. Rf8 g5 67. Re8+ Kf5 68. Rf8+ Kg6 69. Rd8
Re6 70. Kd5 Rf6 71. Ke4 Kh5 72. Rh8+ Kg4 73. Rh1 Re6+ 74. Kd5 Re5+ 75. Kxd6
Ra5 76. Ke6 Kf4 77. Rf1+ Kg3 78. Rg1+ Kh2 79. Rg4 Kh3 80. Rb4 g4 81. Rb8 g3
0-1

[Event "Irish Championship 1999"]
[Site "Drogheda IRL"]
[Date "1999.04.03"]
[Round "1"]
[White "Daly, Colm"]
[Black "McCarthy, Jim"]
[Result "1-0"]
[WhiteTitle "FM"]
[WhiteElo "2376"]
[BlackElo "2135"]
[WhiteICU "2344"]
[BlackICU "1885"]
[WhiteClub "Swords"]
[BlackClub "St. Benildus"]
[WhiteNationality "IRL"]
[BlackNationality "IRL"]
[WhiteFideId "2500434"]
[BlackFideId "2500930"]
[PlyCount "67"]
[EventDate "1999.04.03"]

{ Reference: <a
href="https://www.irlchess.com/irlch1999_allfiles/pairings_irlch1999.html">Tournament
report</a>. } { Annotator: John Hurley, <em>Sunday Tribune</em>, April 11,
1999 p. P-9. }

1. c4 c5 2. b3 Nf6 3. Bb2 b6 4. Bxf6 gxf6 5. Nc3 Bb7 6. e3 e6 7. Nf3 d6 8.
g3 Be7 9. Bg2 Nd7 10. O-O f5 11. Rc1 Nf6 12. Ne1 Bxg2 13. Nxg2 h5 14. Qf3
Ng4 15. d4 h4 16. Rfd1 hxg3 17. hxg3 cxd4 18. Rxd4 Qc8 19. Nb5 Ne5 20. Qe2
Qc6 21. e4 fxe4 22. Rxe4 a6 23. Nd4 Qc5 24. Nf4 Rh6 25. Nf3 Nxf3+ 26. Qxf3
O-O-O 27. b4 Qc6 28. b5 axb5 29. Nd3 Kb8 30. cxb5 Qxb5 31. Rb4 Qd5 32.
Rxb6+ Ka7 33. Ra6+ Kb7 34. Rb1+ 1-0

[Event "Irish Championship 1999"]
[Site "Drogheda IRL"]
[Date "1999.04.03"]
[Round "1"]
[White "Fox, Anthony"]
[Black "Orr, Mark J. L."]
[Result "1/2-1/2"]
[BlackTitle "IM"]
[WhiteElo "2122"]
[BlackElo "2360"]
[WhiteICU "2065"]
[BlackICU "2288"]
[WhiteClub "Dun Laoghaire"]
[BlackClub "Wandering Dragons SCO"]
[WhiteNationality "IRL"]
[BlackNationality "IRL"]
[WhiteFideId "2500736"]
[BlackFideId "2500035"]
[PlyCount "86"]
[EventDate "1999.04.03"]

{ Reference: <a
href="https://www.irlchess.com/irlch1999_allfiles/pairings_irlch1999.html">Tournament
report</a>. }

1. e4 c6 2. d3 d5 3. Nd2 e5 4. Ngf3 Nd7 5. g3 Ngf6 6. Bg2 dxe4 7. dxe4 Bc5
8. O-O O-O 9. c3 a5 10. Qc2 b6 11. Nb3 Be7 12. a4 Qc7 13. Re1 Nc5 14. Nxc5
Bxc5 15. Be3 Bxe3 16. Rxe3 Rd8 17. Bf1 Be6 18. Ng5 Qe7 19. Nxe6 Qxe6 20.
Rd1 Rxd1 21. Qxd1 Qe7 22. Bc4 Rd8 23. Rd3 Rxd3 24. Qxd3 Qd7 25. Qxd7 Nxd7
26. b4 Kf8 27. f3 Ke7 28. Kf2 g5 29. Ke3 f6 30. Bf1 c5 31. Kd3 cxb4 32.
cxb4 axb4 33. Kc4 Kd6 34. Kxb4 Kc7 35. a5 bxa5+ 36. Kxa5 Kd6 37. Kb4 Nc5
38. Kc4 g4 39. Be2 gxf3 40. Bxf3 Ne6 41. h4 Nd4 42. Bg4 Nc6 43. Bd1 h6
1/2-1/2

[Event "Irish Championship 1999"]
[Site "Drogheda IRL"]
[Date "1999.04.03"]
[Round "1"]
[White "Kennedy, John P. A."]
[Black "O'Cinneide, Mel"]
[Result "0-1"]
[WhiteElo "2120"]
[BlackElo "2281"]
[WhiteICU "1721"]
[BlackICU "2247"]
[WhiteClub "Rathmines"]
[BlackClub "Crumlin"]
[WhiteNationality "IRL"]
[BlackNationality "IRL"]
[WhiteFideId "2501120"]
[BlackFideId "2500620"]
[PlyCount "92"]
[EventDate "1999.04.03"]
[BlackFullName "&Oacute; Cinn&eacute;ide, Mel"]

{ Reference: <a
href="https://www.irlchess.com/irlch1999_allfiles/pairings_irlch1999.html">Tournament
report</a>. }

1. Nf3 Nf6 2. g3 d5 3. Bg2 Bf5 4. O-O e6 5. d3 h6 6. Nbd2 Be7 7. Qe1 Bh7 8.
e4 O-O 9. Qe2 c5 10. Rd1 Nc6 11. a3 Qc7 12. h4 Rad8 13. e5 Nd7 14. Re1 b5
15. Nf1 Rc8 16. Bf4 Qb6 17. g4 c4 18. dxc4 bxc4 19. Qd2 Qxb2 20. Rec1 Nc5
21. Ne1 Rfd8 22. Ng3 Qd4 23. Nf3 Qxd2 24. Bxd2 Ne4 25. Bf4 Bc5 26. Nxe4
Bxe4 27. Nd2 Bxg2 28. Kxg2 Bd4 29. Rab1 Bxe5 30. Bxe5 Nxe5 31. Kg3 Rb8 32.
f4 Nc6 33. Nf3 Kf8 34. c3 Ke7 35. Nd4 Nxd4 36. cxd4 a5 37. Kf3 a4 38. Rb4
Rxb4 39. axb4 Rb8 40. Rb1 a3 41. Ke3 a2 42. Ra1 Ra8 43. Kd2 Kd7 44. Kc2 Kc6
45. f5 Kb5 46. fxe6 fxe6 0-1

[Event "Irish Championship 1999"]
[Site "Drogheda IRL"]
[Date "1999.04.03"]
[Round "1"]
[White "Nicholson, John"]
[Black "O'Connell, Gerard"]
[Result "0-1"]
[WhiteElo "2035"]
[BlackElo "2201"]
[WhiteICU "1935"]
[BlackICU "2155"]
[WhiteClub "Newtownards"]
[BlackClub "St. Benildus"]
[WhiteNationality "IRL"]
[BlackNationality "IRL"]
[WhiteFideId "2501724"]
[BlackFideId "2500493"]
[PlyCount "82"]
[EventDate "1999.04.03"]

{ Reference: <a
href="https://www.irlchess.com/irlch1999_allfiles/pairings_irlch1999.html">Tournament
report</a>. }

1. e4 c5 2. Nc3 Nc6 3. g3 g6 4. d3 Bg7 5. Be3 d6 6. Qd2 Rb8 7. Bg2 b5 8.
Nge2 b4 9. Nd1 Nd4 10. O-O Bd7 11. Nc1 Nf6 12. c3 bxc3 13. bxc3 Nc6 14. Bh6
O-O 15. Bxg7 Kxg7 16. f4 e5 17. Ne3 Ng8 18. Ne2 f6 19. f5 Qb6 20. Nc4 Qc7
21. g4 g5 22. Ng3 Be8 23. Kf2 Na5 24. Ne3 Bf7 25. Rh1 Ne7 26. h4 h6 27.
Nh5+ Bxh5 28. gxh5 Qb6 29. hxg5 fxg5 30. Rab1 Qc7 31. Ng4 Ng8 32. Kg3 Nf6
33. Rbg1 Nxg4 34. Kxg4 Kf6 35. Bf3 Rb6 36. d4 Nc4 37. Qd3 cxd4 38. cxd4
exd4 39. Qxd4+ Ne5+ 40. Kg3 Qc5 41. Qa1 Qe3 0-1

[Event "Irish Championship 1999"]
[Site "Drogheda IRL"]
[Date "1999.04.03"]
[Round "1"]
[White "Ryan, Joe"]
[Black "O'Rourke, Ray"]
[Result "1-0"]
[WhiteElo "2277"]
[BlackElo "2052"]
[WhiteICU "2258"]
[BlackICU "2001"]
[WhiteClub "Bray/Greystones"]
[BlackClub "Elm Mount"]
[WhiteNationality "IRL"]
[BlackNationality "IRL"]
[WhiteFideId "2500426"]
[BlackFideId "2501023"]
[PlyCount "75"]
[EventDate "1999.04.03"]

{ Reference: <a
href="https://www.irlchess.com/irlch1999_allfiles/pairings_irlch1999.html">Tournament
report</a>. }

1. d4 Nf6 2. Nf3 g6 3. Bg5 Bg7 4. c3 O-O 5. Nbd2 d5 6. e3 Nbd7 7. Be2 Re8
8. O-O e5 9. Nb3 e4 10. Nfd2 h6 11. Bh4 Nf8 12. c4 c6 13. cxd5 cxd5 14. Nc5
g5 15. Bg3 Ng6 16. h3 Bf8 17. Rc1 Bd6 18. Re1 Bxg3 19. fxg3 Qd6 20. g4 Nh4
21. Nf1 Kg7 22. Qc2 h5 23. gxh5 Rh8 24. g4 Nxh5 25. gxh5 Bxh3 26. Nxb7 Qf6
27. Qc7 Rae8 28. Qg3 Nf3+ 29. Bxf3 exf3 30. Nh2 Re4 31. Rc2 Bg2 32. Rf2
Rxh5 33. Nxf3 Bxf3 34. Rxf3 Qh6 35. Nd6 g4 36. Nf5+ Rxf5 37. Rxf5 Re6 38.
Rf4 1-0

[Event "Irish Championship 1999"]
[Site "Drogheda IRL"]
[Date "1999.04.04"]
[Round "2"]
[White "McCarthy, Jim"]
[Black "Nicholson, John"]
[Result "1-0"]
[WhiteElo "2135"]
[BlackElo "2035"]
[WhiteICU "1885"]
[BlackICU "1935"]
[WhiteClub "St. Benildus"]
[BlackClub "Newtownards"]
[WhiteNationality "IRL"]
[BlackNationality "IRL"]
[WhiteFideId "2500930"]
[BlackFideId "2501724"]
[PlyCount "47"]
[EventDate "1999.04.03"]

{ Reference: <a
href="https://www.irlchess.com/irlch1999_allfiles/pairings_irlch1999.html">Tournament
report</a>. }

1. d4 c5 2. d5 e5 3. e4 d6 4. Nc3 Be7 5. Nf3 Bg4 6. Be2 Nd7 7. Nd2 Bxe2 8.
Qxe2 a6 9. a4 Ngf6 10. O-O O-O 11. Nc4 Ne8 12. f4 exf4 13. Bxf4 Kh8 14. Rf3
f5 15. exf5 Rxf5 16. Re1 Bf6 17. Kh1 Bxc3 18. bxc3 Rxd5 19. Bg3 Ndf6 20.
Ne3 Rh5 21. Ng4 g6 22. Qe6 Nxg4 23. Rf8+ Kg7 24. Rg8+ 1-0

[Event "Irish Championship 1999"]
[Site "Drogheda IRL"]
[Date "1999.04.04"]
[Round "2"]
[White "O'Cinneide, Mel"]
[Black "Clarke, Tom"]
[Result "0-1"]
[WhiteElo "2281"]
[BlackElo "2170"]
[WhiteICU "2247"]
[BlackICU "2110"]
[WhiteClub "Crumlin"]
[BlackClub "North Belfast"]
[WhiteNationality "IRL"]
[BlackNationality "IRL"]
[WhiteFideId "2500620"]
[BlackFideId "2500302"]
[PlyCount "74"]
[EventDate "1999.04.03"]
[WhiteFullName "&Oacute; Cinn&eacute;ide, Mel"]

{ Annotator: Anon., <em>Irish Chess Journal</em>, vol. 11, no. 4,
September-October 1999, p. 14; Mel &Oacute; Cinn&eacute;ide, <a
href="https://www.icu.ie/games/28339">ICU games archive</a> (excerpted
here). } { Reference: <a
href="https://www.irlchess.com/irlch1999_allfiles/pairings_irlch1999.html">Tournament
report</a>. }

1. d4 f5 2. g3 Nf6 3. Bg2 g6 4. Nf3 Bg7 5. O-O O-O 6. c4 d6 7. Nc3 Nc6 8.
d5 Ne5 9. Nxe5 dxe5 10. Qb3 h6 11. c5 Kh8 12. Rd1 g5 13. Bd2 f4 14. Be1 Bg4
15. Qc4 Qc8 { Tom builds up an attacking position here, but White's
position is perfectly solid. } 16. Ne4 Bh3 17. Bh1 Ng4 18. Rac1 Qe8 19. Nd2
Qh5 20. Nf3 fxg3 21. hxg3 Bf1 $3 { This move, and the subsequent play, are
in some way very typical of Tom's style. Nothing is threatened, and indeed
the move may not be objectively good, but it ratchets up the tension in the
position considerably. I spent my next 14 moves wondering how to exploit
this cheeky bishop, before finally imploding: } 22. Qe4 Rf7 23. Rc4 Raf8
24. d6 exd6 25. cxd6 cxd6 26. Rxd6 Nf6 27. Qc2 e4 28. Ne5 Re7 29. g4 $6 {
About here the pressure got to me... } 29... Qe8 30. Bc3 $2 Rxe5 31. Bxe5
$2 Qxe5 32. Rxf6 Qxf6 33. f3 exf3 34. Bxf3 { And here I dreamed briefly
that Tom's bishop was trapped on f1. However } 34... Bxe2 { and it's all
over } 35. Bxe2 Qf2+ 36. Kh1 Qe1+ 37. Kh2 Rf2+ 0-1

[Event "Irish Championship 1999"]
[Site "Drogheda IRL"]
[Date "1999.04.04"]
[Round "2"]
[White "O'Connell, Gerard"]
[Black "Daly, Colm"]
[Result "1/2-1/2"]
[BlackTitle "FM"]
[WhiteElo "2201"]
[BlackElo "2376"]
[WhiteICU "2155"]
[BlackICU "2344"]
[WhiteClub "St. Benildus"]
[BlackClub "Swords"]
[WhiteNationality "IRL"]
[BlackNationality "IRL"]
[WhiteFideId "2500493"]
[BlackFideId "2500434"]
[PlyCount "73"]
[EventDate "1999.04.03"]

{ Reference: <a
href="https://www.irlchess.com/irlch1999_allfiles/pairings_irlch1999.html">Tournament
report</a>. } { Annotator: Gerard O'Connell, <em>Irish Chess Journal</em>,
vol. 11, no. 4, September-October 1999, p. 14. }

1. d4 d5 2. c4 c6 3. Nf3 e6 4. cxd5 { I could not figure out which
variation Colm was heading for and so decided to avoid it. } 4... cxd5 5.
Nc3 { We have entered the realm of the Slav Exchange Variation where White
can look forward to a small but long term plus, due to his one move lead in
development and Black's poor white squared bishop. } 5... Be7 { This is
committal. Black normally develops a knight first here and often plays ...
Bd6 in reply to Bf4 by White. } 6. Bf4 a6 7. e3 (7. e4 { was very tempting
in view of Black's lack of development, but this would give Black certain
long-term advantages. }) 7... Nf6 8. h3 { Giving the bishop a nice retreat
on h2. } 8... O-O 9. Bd3 b5 10. O-O Bb7 11. Ne5 { This is the key square
for White in this variation. } 11... Nc6 12. Rc1 Rc8 { Both sides have
completed their development and White has come out slightly better in view
of his better placed pieces. } 13. Bb1 { Creating the possibility of Qc2
and Qd3, doubling up on the b1-h7 diagonal. } 13... g6 $6 { Weakening the
dark squares around the black king. } 14. Bh6 Re8 15. f4 ({ Gaining space
and cementing e5, White's advantage is now significant, if ( } 15. f4 { ) }
15... Bf8 16. Bg5 { is good. }) 15... Nd7 16. Qf3 { Preventing any
immediate exchange on e5 due to pressure on the f-file. } 16... Rc7 $1 {
Covering the bishop on b7 and the pawn on f7 in some lines. } 17. Kh2 ({ I
was convinced that I had a winning advantage here, however despite 30
minutes of analysis neither } 17. Nxd7 Rxd7 18. f5) ({ nor } 17. Nxf7 Kxf7
18. f5 gxf5 19. Qh5+ Kg8 20. Rf3 Kh8) ({ nor } 17. Nxd5) ({ nor } 17. f5 {
seem to work! }) ({ &#91;RR } 17. Nxf7 $1 Kxf7 18. f5 gxf5 $2 (18... Bf6
19. fxg6+ hxg6 $18) 19. Qh5+ Kg8 20. Nxd5 $1 { wins quickly: } 20... exd5 (
20... Rc8 21. Rxf5 $1) 21. Qxf5 Nf6 22. Qg5+ { and mates.&#93; }) 17...
Ndxe5 18. fxe5 Bg5 { Black has opened up the f-file it is true, but he has
rid himself of that powerful knight on e5 and White's aggressive bishop on
h6 and his rook on c7 covers the f7 square. } 19. Bxg5 Qxg5 20. Qg3 { This
move swapping off queens offers White an advantage in the ending. The
alternative was 20. Nd1-f2-g4-f6 but Black can prevent this with ... h5 or
... Rec8, ... Nb8, ... Nd7. } 20... Qxg3+ 21. Kxg3 Rec8 22. Ne2 Na5 {
Heading for the lovely square c4. } 23. b3 Bc6 24. Bd3 Kg7 25. h4 { Trying
to control g5 later on. } 25... Be8 26. Rxc7 Rxc7 27. Rc1 Rxc1 28. Nxc1 f6
$1 ({ A very good move, if White takes ( } 28... f6 { ) } 29. exf6+ Kxf6 {
and ... e5 follows freeing Black's position, so ... }) 29. Be2 $1 fxe5 30.
dxe5 Nc6 31. Nd3 { All of Black's pawns are on the same colour as his
bishop, however White's e5 pawn is very weak. } 31... h6 32. Nc5 $1 Kf7 33.
Kf4 $2 ({ Missing } 33. Nxa6 Nxe5 34. Kf4 Kf6 (34... Nc6 35. Bxb5 e5+ 36.
Kg3 d4 37. Nc7 Bd7 38. exd4 exd4 39. a4 { winning }) 35. Nc7 Bc6 36. Nxb5
g5+ 37. hxg5+ hxg5+ 38. Kg3 { and White is a very dangerous passed a-pawn
to the good. }) 33... Nb8 34. Bg4 Bd7 35. b4 Ke7 36. a3 Bc6 37. Be2 1/2-1/2

[Event "Irish Championship 1999"]
[Site "Drogheda IRL"]
[Date "1999.04.04"]
[Round "2"]
[White "O'Connor, Jonathan"]
[Black "Ryan, Joe"]
[Result "1/2-1/2"]
[WhiteElo "2120"]
[BlackElo "2277"]
[WhiteICU "2162"]
[BlackICU "2258"]
[WhiteClub "Dublin"]
[BlackClub "Bray/Greystones"]
[WhiteNationality "IRL"]
[BlackNationality "IRL"]
[WhiteFideId "2501112"]
[BlackFideId "2500426"]
[PlyCount "67"]
[EventDate "1999.04.03"]

{ Reference: <a
href="https://www.irlchess.com/irlch1999_allfiles/pairings_irlch1999.html">Tournament
report</a>. }

1. e4 e6 2. d4 d5 3. Nc3 Bb4 4. e5 Ne7 5. a3 Bxc3+ 6. bxc3 b6 7. Qg4 Ng6 8.
h4 h5 9. Qh3 Ba6 10. Bg5 Qc8 11. g4 hxg4 12. Qxg4 c5 13. Kd2 cxd4 14. cxd4
Bxf1 15. Rxf1 Qc4 16. Ne2 Nc6 17. Rfg1 Rc8 18. Rh3 Ncxe5 19. dxe5 Qxc2+ 20.
Ke1 Rc4 21. f4 Nxe5 22. fxe5 Rxg4 23. Rxg4 Qf5 24. Rc3 Qxg4 25. Rc8+ Kd7
26. Rxh8 Qf5 27. Rf8 Kc7 28. Rg8 Qg6 29. Kd2 Kb7 30. Nf4 Qh7 31. Rf8 Qf5
32. Nd3 a5 33. Rg8 Qh7 34. Rf8 1/2-1/2

[Event "Irish Championship 1999"]
[Site "Drogheda IRL"]
[Date "1999.04.04"]
[Round "2"]
[White "O'Rourke, Ray"]
[Black "O'Donovan, Richard"]
[Result "1-0"]
[WhiteElo "2052"]
[BlackElo "2176"]
[WhiteICU "2001"]
[BlackICU "2086"]
[WhiteClub "Elm Mount"]
[BlackClub "Public Service"]
[WhiteNationality "IRL"]
[BlackNationality "IRL"]
[WhiteFideId "2501023"]
[BlackFideId "2500868"]
[PlyCount "61"]
[EventDate "1999.04.03"]

{ Reference: <a
href="https://www.irlchess.com/irlch1999_allfiles/pairings_irlch1999.html">Tournament
report</a>. }

1. e4 c5 2. Nf3 Nc6 3. d3 e6 4. g3 d5 5. Nbd2 Nf6 6. Bg2 Be7 7. O-O O-O 8.
Re1 b5 9. e5 Nd7 10. Nf1 Qc7 11. Bf4 Bb7 12. h4 Rfc8 13. N1h2 Kf8 14. Ng5
Bxg5 15. hxg5 Ne7 16. Qh5 Kg8 17. Ng4 Ng6 18. Kh2 Kf8 19. Bd2 Ke7 20. f4
Ndf8 21. f5 exf5 22. Ne3 Ne6 23. Nxf5+ Kf8 24. Qxh7 b4 25. Re2 d4 26. Bxb7
Qxb7 27. Re4 Qd5 28. Rh4 Ke8 29. Qg8+ Ngf8 30. Nd6+ Kd7 31. Qxf7+ 1-0

[Event "Irish Championship 1999"]
[Site "Drogheda IRL"]
[Date "1999.04.04"]
[Round "2"]
[White "Orr, Mark J. L."]
[Black "Cafolla, Peter"]
[Result "1/2-1/2"]
[WhiteTitle "IM"]
[WhiteElo "2360"]
[BlackElo "2098"]
[WhiteICU "2288"]
[BlackICU "2039"]
[WhiteClub "Wandering Dragons SCO"]
[BlackClub "Rathmines"]
[WhiteNationality "IRL"]
[BlackNationality "IRL"]
[WhiteFideId "2500035"]
[BlackFideId "2500884"]
[PlyCount "106"]
[EventDate "1999.04.03"]

{ Reference: <a
href="https://www.irlchess.com/irlch1999_allfiles/pairings_irlch1999.html">Tournament
report</a>. }

1. d4 d5 2. Bg5 Nc6 3. e3 h6 4. Bh4 Nf6 5. Bxf6 exf6 6. c4 Bb4+ 7. Nc3 O-O
8. a3 Bxc3+ 9. bxc3 Bf5 10. Nf3 dxc4 11. Bxc4 Na5 12. Be2 c5 13. O-O cxd4
14. cxd4 Rc8 15. Bd3 Bxd3 16. Qxd3 Nc4 17. Rfb1 Qd7 18. a4 b6 19. h3 Rc7
20. Nd2 Rfc8 21. Nxc4 Rxc4 22. Qb3 f5 23. Qb5 Qe6 24. Rd1 f4 25. exf4 Qe4
26. d5 Qxf4 27. a5 Rc2 28. Qf1 b5 29. a6 Rd8 30. Rab1 b4 31. Qe1 Ra2 32.
Rxb4 Qd6 33. Re4 Rxa6 34. Re8+ Rxe8 35. Qxe8+ Qf8 36. Qd7 Qd6 37. Qc8+ Kh7
38. Qf5+ Kg8 39. Rc1 g6 40. Qd3 Qf6 41. g3 Rd6 42. Rc8+ Kh7 43. Qe4 Rd8 44.
Rxd8 Qxd8 45. Qc4 Kg7 46. Qc6 Kf8 47. d6 a5 48. g4 a4 49. Qc5 Ke8 50. Qe3+
Kd7 51. Qa7+ Ke6 52. Qxa4 Qxd6 53. Qb3+ Kf6 1/2-1/2

[Event "Irish Championship 1999"]
[Site "Drogheda IRL"]
[Date "1999.04.05"]
[Round "3"]
[White "Brady, Stephen"]
[Black "Orr, Mark J. L."]
[Result "1-0"]
[WhiteTitle "FM"]
[BlackTitle "IM"]
[WhiteElo "2320"]
[BlackElo "2360"]
[WhiteICU "2263"]
[BlackICU "2288"]
[WhiteClub "Public Service"]
[BlackClub "Wandering Dragons SCO"]
[WhiteNationality "IRL"]
[BlackNationality "IRL"]
[WhiteFideId "2500124"]
[BlackFideId "2500035"]
[PlyCount "109"]
[EventDate "1999.04.03"]

{ Reference: <a
href="https://www.irlchess.com/irlch1999_allfiles/pairings_irlch1999.html">Tournament
report</a>. } { Annotator: Anon., <em>Irish Chess Journal</em>, vol. 11,
no. 4, September-October 1999, p. 15 (excerpted here). }

1. e4 c5 2. c3 g6 3. d4 cxd4 4. cxd4 d5 5. e5 Nc6 6. Nc3 Bg7 7. Be3 Nh6 8.
Qb3 e6 9. Nf3 Nf5 10. Bb5 O-O 11. O-O Na5 12. Qc2 Bd7 13. Bg5 f6 14. exf6
Bxf6 15. Bxf6 Rxf6 16. Bd3 Nc6 17. Bxf5 Rxf5 18. Qd2 Qf6 19. Rad1 { In this
French-type position from Stephen Brady v Mark Orr in round 3, Black seems
to have a promising position. What should be play? } { He could continue
with 19... Rf8 with the idea of sacrificing the exchange on f3 and taking
on d4 if given the opportunity. White is tied to the defence of d4 and
lacks an active plan. However the move he plays allows White to gain the
initiative with an unexpected manoeuvre: } 19... g5 ({ &#91;RR } 19... Rf8
$10 { .&#93; }) 20. Ne2 $1 g4 ({ &#91;RR Better } 20... Be8 $14 { .&#93; })
21. Ne1 Ne7 22. Ng3 Bb5 $2 (22... Rg5 $16 { After the move played, White is
winning. }) 23. Nxf5 Nxf5 24. Nd3 Rf8 25. Rfe1 Bxd3 26. Qxd3 Nh4 27. Qg3 h5
28. Re5 Nf5 29. Qf4 Qg6 30. Rde1 Ng7 31. Qd2 Rc8 32. Rc1 Rxc1+ 33. Qxc1 Qd3
34. Qc3 Qb1+ 35. Re1 Qxa2 36. Qc8+ Kh7 37. Qxb7 a5 38. g3 Kg6 39. Qb5 Kf6
40. Qe2 Kg6 41. h3 gxh3 42. Kh2 Qb3 43. Kxh3 a4 44. Ra1 Kf7 45. Kg2 Qb4 46.
Qf3+ Kg8 47. Qc3 Qb5 48. Qc8+ Kf7 49. Qc2 h4 50. Rxa4 h3+ 51. Kxh3 Qf1+ 52.
Kh2 Nf5 53. Qc7+ Kg6 54. Qf4 Qd1 55. Ra8 1-0